000 00544nmm a2200169Ia 4500
008 251105s9999||||xx |||||||||||||||||und||
020 _a9788476588567
041 _aspa
100 _aReygadas, Luis
245 0 _aLa apropiación :
_b Destejiendo las redes de la desigualdad
264 _a[Madrid, España] :
_bAnthropos,
_c2008
300 _a393 páginas
490 _aPensamiento crítico / Pensamiento utópico: crítica y utopía
650 _aCultural Studies
856 _uhttps://public.digitaliapublishing.com/a/13278
942 _cCF
999 _c85188
_d85188